000 00610nam a22001937a 4500
999 _c10596
_d10596
003 AR-CdUCM
008 190401b ||||| |||| 00| 0 spa d
040 _aMUNICIPALIDAD PROVINCIAL DEL CUSCO
_cBIBLIOTECA MUNICIPAL DEL CUSCO
082 _a800.2 /
_bR46 / 1884
100 _aDe la Revilla, Manuel
_927550
245 _aHistoria de la literatura española /
260 _aMadrid :
_bLibrera de FrancscoIravedra,
_c1884.
300 _a782 paginas ;
_c21 cm.
650 _aEdad media
_9454
650 _aPeriodos
_96092
700 _aDe Alcantara García, Pedro
_927551
942 _2ddc
_cLIBROS
945 _apjha